000 00398pab a2200157 454500
008 180718b2011 xxu||||| |||| 00| 0 eng d
100 _aAngelis, Massimo De
245 _aClimate change, mother earth and the commons: Reflections on EI cumbre
260 _c2011
300 _ap.183-189.
362 _aJun
650 _aClimatic change
773 _aDevelopment
908 _aN
909 _a92610
999 _c92610
_d92610